[Event "C.to Provinciale BI-VC"]
[Site "Santhia' ITA"]
[Date "2011.03.18"]
[Round "3"]
[White "Lavino, Stefano"]
[Black "Zannoni, Gianni"]
[Result "0-1"]
[WhiteElo "1715"]
[BlackElo "1815"]
[PlyCount "98"]
[EventDate "2011.03.04"]

1. d4 Nf6 2. Nf3 g6 3. Bg5 Bg7 4. e3 c6 5. c3 O-O 6. Be2 d5 7. O-O Nbd7 8. Nbd2
Qe8 9. h3 e5 10. dxe5 Nxe5 11. Nxe5 Qxe5 12. Bf4 Qe8 13. Bd6 Be6 14. Bxf8 Bxf8
15. Nf3 h6 16. Ne5 Bd6 17. Ng4 Ne4 18. Bf3 f5 19. Nxh6+ Kg7 20. Bxe4 Qd7 21.
Bf3 Kxh6 22. Qd4 c5 23. Qd2 Kg7 24. Rfd1 Rd8 25. Kf1 Be5 26. Rab1 g5 27. Qe1
Qf7 28. Rd2 g4 29. hxg4 fxg4 30. Be2 Rh8 31. f4 Rh1+ 32. Kf2 Rxe1 33. Rxe1 Bf6
34. Rh1 c4 35. Rdd1 Qe7 36. Rh2 Bf5 37. Rdh1 g3+ 38. Kxg3 Qxe3+ 39. Bf3 d4 40.
cxd4 Bxd4 41. Rh5 Qf2+ 42. Kh2 Bg6 43. Rh3 Bxb2 44. Rd1 Bd3 45. Rg3+ Kf6 46.
Kh3 Bf5+ 47. Kh2 c3 48. Rd6+ Ke7 49. Rh6 c2 0-1

[Event "C.to Provinciale BI-VC"]
[Site "Santhia' ITA"]
[Date "2011.03.18"]
[Round "3"]
[White "Penna, Tommaso"]
[Black "Siclari, Giovanni"]
[Result "0-1"]
[WhiteElo "1810"]
[BlackElo "1902"]
[PlyCount "52"]
[EventDate "2011.03.04"]

1. e4 c5 2. Nf3 e6 3. d4 cxd4 4. Nxd4 Nc6 5. Nc3 a6 6. Be3 Nf6 7. f4 Bb4 8.
Nxc6 bxc6 9. e5 Nd5 10. Bd2 O-O 11. Bd3 Qa5 12. O-O Nxc3 13. bxc3 Bxc3 14. Qh5
Qc5+ 15. Kh1 g6 16. Qe2 Bxa1 17. Rxa1 d5 18. Qe1 Rb8 19. Qh4 Qd4 20. Re1 c5 21.
Qh6 Qf2 22. f5 exf5 23. Rf1 Qd4 24. Bg5 Rb6 25. Be3 Qc3 26. h4 f6 0-1

[Event "C.to Provinciale BI-VC"]
[Site "Santhia' ITA"]
[Date "2011.03.18"]
[Round "3"]
[White "Saviano, Sabato"]
[Black "Giordanetti, Giuseppe"]
[Result "1-0"]
[WhiteElo "1683"]
[BlackElo "1544"]
[PlyCount "103"]
[EventDate "2011.03.04"]

1. d4 Nf6 2. c4 g6 3. Nc3 d5 4. cxd5 Nxd5 5. e4 Nxc3 6. bxc3 Bg7 7. h3 c5 8.
Nf3 Nc6 9. e5 O-O 10. Bb5 cxd4 11. Bxc6 bxc6 12. cxd4 Ba6 13. Qa4 Qb6 14. Ba3
Rfe8 15. Nd2 Bd3 16. f4 e6 17. Rc1 Red8 18. Nb3 Bb5 19. Qb4 Bf8 20. Nc5 a5 21.
Qc3 Rd5 22. Kf2 Rad8 23. Rhd1 Qc7 24. Ne4 Bxa3 25. Nf6+ Kg7 26. Nxd5 Rxd5 27.
Qxa3 Qd8 28. Qe3 a4 29. Rd2 h5 30. Rc5 Qa5 31. Rxd5 cxd5 32. g4 hxg4 33. hxg4
Qd8 34. g5 Qh8 35. Kg3 Qh1 36. Rh2 Qd1 37. Rd2 Qh1 38. Qf2 Qe4 39. Rd1 Bc4 40.
Re1 Qd3+ 41. Qe3 Qc2 42. a3 Qb3 43. Qxb3 axb3 44. Rb1 Kf8 45. Kf2 Ke7 46. Ke3
Kd7 47. Kd2 Kc6 48. Kc3 Kd7 49. Rxb3 Bxb3 50. Kxb3 Kc6 51. Kb4 Kb6 52. a4 1-0

[Event "C.to Provinciale BI-VC"]
[Site "Santhia' ITA"]
[Date "2011.03.18"]
[Round "3"]
[White "Siclari, Alberto"]
[Black "Bozio, Stefano"]
[Result "1-0"]
[WhiteElo "1524"]
[BlackElo "1458"]
[PlyCount "43"]
[EventDate "2011.03.04"]

1. f4 d5 2. Nf3 Nf6 3. d3 Nc6 4. g3 e6 5. Bg2 Bc5 6. e3 d4 7. e4 O-O 8. h3 Re8
9. Ng5 e5 10. Na3 Bb4+ 11. Kf2 exf4 12. gxf4 h6 13. Nf3 Bxa3 14. bxa3 Nh7 15.
Rg1 Bd7 16. Bf1 f6 17. f5 Kh8 18. Nh4 Ne5 19. Bf4 Ng5 20. Qh5 Qe7 21. Bxe5 fxe5
22. Ng6+ 1-0

[Event "C.to Provinciale BI-VC"]
[Site "Santhia' ITA"]
[Date "2011.03.18"]
[Round "3"]
[White "Squara, Marco"]
[Black "Migliorini, Matteo"]
[Result "1/2-1/2"]
[WhiteElo "1810"]
[BlackElo "1855"]
[PlyCount "74"]
[EventDate "2011.03.04"]

1. d4 d5 2. c4 c6 3. Nc3 Nf6 4. e3 a6 5. Nf3 b5 6. cxd5 cxd5 7. a3 Bg4 8. Be2
e6 9. h3 Bh5 10. b4 Nbd7 11. Bb2 Nb6 12. Nd2 Bxe2 13. Qxe2 Rc8 14. O-O Be7 15.
Rac1 O-O 16. Ncb1 Qd6 17. Nb3 Nc4 18. Nc5 Ne4 19. Nxe4 dxe4 20. Rcd1 f5 21. Bc1
Bd8 22. Nd2 Nxd2 23. Bxd2 Bc7 24. g3 Rf6 25. Rfe1 Rg6 26. Rc1 Rg5 27. Rc5 Rg6
28. Rec1 Rf6 29. Rc6 Qd7 30. R1c2 e5 31. Rxf6 gxf6 32. Rc5 Bb6 33. Rxc8+ Qxc8
34. dxe5 fxe5 35. Qh5 Qd8 36. Be1 Kg7 37. Qxf5 Qd5 1/2-1/2

[Event "C.to Provinciale BI-VC"]
[Site "Santhia' ITA"]
[Date "2011.03.18"]
[Round "3"]
[White "Tibaldeschi, Attilio"]
[Black "Scarrone, Alberto"]
[Result "0-1"]
[WhiteElo "1726"]
[BlackElo "1811"]
[PlyCount "88"]
[EventDate "2011.03.04"]

1. Nf3 d5 2. b3 c5 3. Bb2 f6 4. e3 e5 5. d3 Nc6 6. Nbd2 Bd6 7. Be2 Nge7 8. e4
O-O 9. c3 Be6 10. O-O d4 11. a3 Ng6 12. cxd4 Nxd4 13. Nxd4 cxd4 14. Nc4 Rc8 15.
a4 Bb4 16. Bc1 Qe7 17. f4 exf4 18. Bxf4 Nxf4 19. Rxf4 Bc3 20. Ra2 Rc5 21. Bg4
f5 22. exf5 Bxc4 23. bxc4 Qe3+ 24. Rff2 Be1 25. Rae2 Bxf2+ 26. Rxf2 Re5 27. Kf1
Rfe8 28. g3 Qg5 29. Kg2 Re1 30. Qf3 Qe3 31. Qxb7 Qxd3 32. Qd5+ Kh8 33. Qf7 R1e7
34. Qd5 Re5 35. Qf7 R5e7 36. Qd5 Qe4+ 37. Bf3 Qe3 38. Re2 Qg5 39. Rxe7 Qxe7 40.
Qxd4 h6 41. c5 Rd8 42. Qc3 Qg5 43. Qa5 Rd2+ 44. Kg1 Qe3+ 0-1

[Event "C.to Provinciale BI-VC"]
[Site "Santhia' ITA"]
[Date "2011.03.18"]
[Round "3"]
[White "Ubezio, Marco"]
[Black "Isoardi, Luigi"]
[Result "1-0"]
[WhiteElo "2131"]
[BlackElo "1762"]
[PlyCount "99"]
[EventDate "2011.03.04"]

1. e4 c6 2. d4 d5 3. e5 Bf5 4. Nf3 e6 5. Be2 Nd7 6. O-O a6 7. Nbd2 c5 8. c4 Nb6
9. dxc5 Nxc4 10. Nxc4 dxc4 11. Qa4+ Qd7 12. Qxc4 Ne7 13. Nd4 Be4 14. Nb5 Qxb5
15. Qxe4 Qc6 16. Qc4 Nd5 17. Bf3 Qxc5 18. Bxd5 exd5 19. Qg4 Qc4 20. Qg3 Qe4 21.
Bd2 Qg6 22. Qb3 b5 23. Rac1 Qb6 24. Bg5 Qb7 25. e6 f6 26. Bf4 Rc8 27. Rxc8+
Qxc8 28. Qxd5 Be7 29. Rc1 Qd8 30. Qc6+ Kf8 31. Qxa6 g5 32. Rc8 Kg7 33. Rxd8
Rxd8 34. h4 gxf4 35. Qb7 Kf8 36. Qxb5 Rd1+ 37. Kh2 Rd6 38. Qf5 Kg7 39. Kh3 Rd2
40. Qh5 Rd3+ 41. f3 Bd6 42. Qf7+ Kh8 43. h5 Rd1 44. Qxf6+ Kg8 45. h6 Rh1+ 46.
Kg4 Rxh6 47. Qxh6 Bf8 48. Qf6 Bg7 49. Qf7+ Kh8 50. Qe8+ 1-0

[Event "C.to Provinciale BI-VC"]
[Site "Santhia' ITA"]
[Date "2011.03.25"]
[Round "4"]
[White "Bozio, Stefano"]
[Black "Borghi, Dario"]
[Result "0-1"]
[WhiteElo "1458"]
[BlackElo "1404"]
[PlyCount "58"]
[EventDate "2011.03.04"]

1. e4 e5 2. Nf3 Nf6 3. Nc3 Bb4 4. d3 d6 5. Bg5 h6 6. Bh4 O-O 7. a3 Bxc3+ 8.
bxc3 Nc6 9. d4 g5 10. dxe5 Nxe4 11. Bg3 dxe5 12. Qxd8 Rxd8 13. Nxe5 Re8 14.
O-O-O Nxe5 15. Bxe5 Rxe5 16. Rd8+ Kg7 17. Bc4 b5 18. Bb3 Bb7 19. Rxa8 Bxa8 20.
Re1 Rc5 21. f3 Nxc3 22. Re7 Bd5 23. Bxd5 Nxd5 24. Re5 f6 25. Re2 a5 26. Kb2 a4
27. Re4 Nc3 28. Rb4 Nd1+ 29. Kc1 Ne3 0-1

[Event "C.to Provinciale BI-VC"]
[Site "Santhia' ITA"]
[Date "2011.03.25"]
[Round "4"]
[White "Caldi, Mario"]
[Black "Squara, Marco"]
[Result "1-0"]
[WhiteElo "1862"]
[BlackElo "1810"]
[PlyCount "129"]
[EventDate "2011.03.04"]

1. e4 c6 2. d4 d5 3. exd5 cxd5 4. Bd3 Nf6 5. Bg5 e6 6. Nf3 Be7 7. O-O Nbd7 8.
c3 O-O 9. Nbd2 Re8 10. Re1 Nf8 11. Ne5 Ng6 12. Ndf3 Bd7 13. Qe2 a6 14. h3 Rc8
15. Rac1 Nh5 16. Bxe7 Rxe7 17. Nxg6 hxg6 18. Qe3 Qa5 19. Qg5 Nf6 20. a3 Bb5 21.
Bb1 Bc4 22. Ne5 Qb6 23. Ng4 Qc7 24. Nxf6+ gxf6 25. Qxf6 Rd7 26. Bxg6 fxg6 27.
Qxg6+ Rg7 28. Qxe6+ Kh8 29. Re5 Rf8 30. Qh6+ Kg8 31. Rce1 Qf7 32. Qe6 Qxe6 33.
Rxe6 Rgf7 34. f3 Bb5 35. R1e5 Rg7 36. Re7 Bc6 37. Kf2 Rg6 38. b3 Rgf6 39. R7e6
R6f7 40. Rg5+ Kh7 41. h4 Kh8 42. Rh6+ Rh7 43. Rxh7+ Kxh7 44. c4 Rd8 45. Ke3 Kh6
46. Re5 Rg8 47. g4 dxc4 48. bxc4 Ba4 49. d5 Bd1 50. c5 Rf8 51. Rh5+ Kg6 52.
Rg5+ Kh6 53. f4 Re8+ 54. Kd4 Re2 55. d6 Rd2+ 56. Kc3 Rc2+ 57. Kb4 Rb2+ 58. Kc4
Rc2+ 59. Kd4 Rd2+ 60. Ke5 Re2+ 61. Kf6 Kh7 62. d7 Bb3 63. f5 Rd2 64. Ke7 Re2+
65. Kf8 1-0

[Event "C.to Provinciale BI-VC"]
[Site "Santhia' ITA"]
[Date "2011.03.25"]
[Round "4"]
[White "Isoardi, Luigi"]
[Black "Avetta, Gianmario"]
[Result "0-1"]
[WhiteElo "1762"]
[BlackElo "1733"]
[PlyCount "140"]
[EventDate "2011.03.04"]

1. d4 Nf6 2. Nf3 d5 3. e3 Bg4 4. c4 e6 5. Nbd2 Nbd7 6. Qb3 b6 7. cxd5 exd5 8.
Bd3 c5 9. dxc5 Bxc5 10. O-O O-O 11. Bb5 Re8 12. Bc6 Rc8 13. Bxd5 Qe7 14. Bc4
Rc7 15. Ng5 Ne5 16. Bb5 Rd8 17. Nc4 h6 18. Nxe5 Qxe5 19. f4 Qf5 20. Nf3 Qxf4
21. h3 Be6 22. Qa4 Bxe3+ 23. Bxe3 Qxe3+ 24. Kh1 Rdc8 25. Rae1 Qc5 26. Ba6 Rd8
27. Rd1 Rxd1 28. Qxd1 Bxa2 29. Qd8+ Kh7 30. Bd3+ g6 31. Qxf6 Rc6 32. Qe5 Qb4
33. Qd4 Qe7 34. Re1 Qf8 35. Qa4 Bd5 36. Ne5 Re6 37. Bc4 Qd6 38. Bxd5 Qxd5 39.
Qf4 f6 40. Nf3 g5 41. Qc7+ Kg6 42. Rxe6 Qxe6 43. Qxa7 Qb3 44. Qa1 h5 45. Qb1+
Kg7 46. Nd4 Qd5 47. Nf5+ Kf7 48. Ne3 Qd4 49. Qh7+ Ke6 50. Qg8+ Ke5 51. Qe8+ Kf4
52. g3+ Kf3 53. Nc2 Qd1+ 54. Ne1+ Kf2 55. g4 hxg4 56. hxg4 Qxe1+ 57. Qxe1+ Kxe1
58. Kg2 Ke2 59. Kg3 Ke3 60. b3 b5 61. b4 Ke4 62. Kf2 Kf4 63. Ke2 Kxg4 64. Ke3
f5 65. Kd4 f4 66. Kc5 f3 67. Kxb5 f2 68. Kc6 f1=Q 69. b5 Qxb5+ 70. Kxb5 Kf3 0-1

[Event "C.to Provinciale BI-VC"]
[Site "Santhia' ITA"]
[Date "2011.03.25"]
[Round "4"]
[White "Migliorini, Matteo"]
[Black "Bardone, Lorenzo"]
[Result "1/2-1/2"]
[WhiteElo "1855"]
[BlackElo "1789"]
[PlyCount "29"]
[EventDate "2011.03.04"]

1. e4 c5 2. Nf3 e6 3. Qe2 Nc6 4. g3 Be7 5. Bg2 Nf6 6. e5 Nd5 7. Nc3 Nxc3 8.
dxc3 d5 9. h4 Qc7 10. Bf4 Bd7 11. a3 Qb6 12. b3 h6 13. Nd2 Qa5 14. b4 Qb6 15.
Rb1 1/2-1/2

[Event "C.to Provinciale BI-VC"]
[Site "Santhia' ITA"]
[Date "2011.03.25"]
[Round "4"]
[White "Redamante, Marzio"]
[Black "Lavino, Stefano"]
[Result "1-0"]
[WhiteElo "1497"]
[BlackElo "1715"]
[PlyCount "50"]
[EventDate "2011.03.04"]

1. d4 Nf6 2. Nf3 g6 3. e3 d5 4. c4 Bg7 5. c5 O-O 6. Be2 Ne4 7. O-O c6 8. b4 Nd7
9. Bb2 Qc7 10. Nc3 f5 11. a4 Ndf6 12. b5 Bd7 13. Qb3 g5 14. Rfd1 Ng4 15. b6 Qb8
16. Nxd5 cxd5 17. Qxd5+ Kh8 18. Qxd7 Ngxf2 19. Ne5 axb6 20. Qxe7 Re8 21. Nf7+
Kg8 22. Qd7 Nf6 23. Qxf5 Nxd1 24. Rxd1 Rxa4 25. Bb5 Rb4 1-0

[Event "C.to Provinciale BI-VC"]
[Site "Santhia' ITA"]
[Date "2011.03.25"]
[Round "4"]
[White "Scarrone, Alberto"]
[Black "Penna, Tommaso"]
[Result "1/2-1/2"]
[WhiteElo "1811"]
[BlackElo "1810"]
[PlyCount "61"]
[EventDate "2011.03.04"]

1. d4 Nf6 2. c4 e6 3. g3 Bb4+ 4. Bd2 Bxd2+ 5. Nxd2 d5 6. Ngf3 O-O 7. Bg2 c6 8.
O-O b6 9. Qc2 Ba6 10. Rac1 Nbd7 11. e4 dxe4 12. Nxe4 Nxe4 13. Qxe4 c5 14. Ne5
Rc8 15. Rfd1 Nf6 16. Qe3 Qc7 17. d5 exd5 18. cxd5 Rcd8 19. Nc6 Rfe8 20. Qa3 Be2
21. Nxd8 Bxd1 22. Rxd1 Rxd8 23. Qf3 Qd6 24. Qa3 Rd7 25. Qa6 Qc7 26. Re1 Kf8 27.
Rd1 Rd6 28. Qc4 Qd7 29. a4 Qg4 30. Qc2 Qh5 31. h3 1/2-1/2

[Event "C.to Provinciale BI-VC"]
[Site "Santhia' ITA"]
[Date "2011.03.25"]
[Round "4"]
[White "Siclari, Alberto"]
[Black "Tibaldeschi, Attilio"]
[Result "1-0"]
[WhiteElo "1524"]
[BlackElo "1726"]
[PlyCount "127"]
[EventDate "2011.03.04"]

1. f4 Nf6 2. Nf3 e6 3. g3 Be7 4. Bg2 Nc6 5. d3 d5 6. O-O Bd7 7. Qe1 h6 8. c3
O-O 9. Na3 a6 10. Nh4 Bc5+ 11. e3 Ne7 12. Nc2 Bb6 13. Kh1 Bb5 14. Qd1 c5 15. g4
Nh7 16. Rg1 Bc6 17. Bh3 Ng6 18. Nf3 Bc7 19. g5 hxg5 20. Nxg5 Nxg5 21. Rxg5 Qd6
22. Qg4 f5 23. Qg3 Be8 24. Bd2 Rf6 25. Rg1 Bf7 26. Ne1 Kf8 27. Nf3 Ke7 28. d4
Rh8 29. Ne5 Rh6 30. Bf1 Qb6 31. Bc1 cxd4 32. cxd4 Bd6 33. Qf2 Qc7 34. Be2 Qc8
35. Qf1 Qh8 36. R1g2 Rh3 37. Qg1 Qh7 38. Nxg6+ Bxg6 39. Rxg6 Rxg6 40. Rxg6
Rxh2+ 41. Qxh2 Qxg6 42. Bh5 Qf6 43. Bd2 g5 44. Be1 Kd7 45. Bg3 Qh8 46. Be2 Qb8
47. Kg2 g4 48. Qh7+ Be7 49. Bd3 Qd6 50. a3 Qb6 51. b4 Qc7 52. Bxf5 exf5 53.
Qxf5+ Kd6 54. Qe5+ Kc6 55. Qxc7+ Kxc7 56. Be1 Kb6 57. a4 Kc6 58. Kg3 b6 59.
Kxg4 Kd6 60. Kf5 Bf8 61. Kf6 Kd7 62. Kf7 Bh6 63. Bh4 Kc6 64. Bg5 1-0

[Event "C.to Provinciale BI-VC"]
[Site "Santhia' ITA"]
[Date "2011.03.25"]
[Round "4"]
[White "Siclari, Giovanni"]
[Black "Ubezio, Marco"]
[Result "0-1"]
[WhiteElo "1902"]
[BlackElo "2131"]
[PlyCount "124"]
[EventDate "2011.03.04"]

1. f4 g6 2. Nf3 Bg7 3. d3 d5 4. g3 d4 5. e4 dxe3 6. Nc3 Nf6 7. Bxe3 Nd5 8. Bd2
c6 9. Bg2 Na6 10. Ne5 Be6 11. Ne4 Qc8 12. O-O h6 13. c4 Nf6 14. Bc3 Bh3 15. Qf3
Bxg2 16. Kxg2 Nxe4 17. Qxe4 Qf5 18. Rad1 Qxe4+ 19. dxe4 Nc5 20. Kf3 Na4 21. Bd4
c5 22. Be3 Nxb2 23. Rb1 Bxe5 24. fxe5 Nxc4 25. Rxb7 Nxe5+ 26. Ke2 Nc6 27. Bxc5
O-O-O 28. Rb2 f6 29. Rc1 Kd7 30. Bxa7 Nxa7 31. Rb7+ Ke6 32. Rxa7 Ra8 33. Rcc7
Rxa7 34. Rxa7 Rb8 35. a4 Rb2+ 36. Kf3 Rxh2 37. a5 h5 38. a6 g5 39. Ra8 g4+ 40.
Ke3 Rg2 41. a7 Rxg3+ 42. Kf2 Ra3 43. Rh8 Rxa7 44. Rxh5 Ra4 45. Ke3 g3 46. Rh7
g2 47. Rg7 Ra2 48. Kf4 Kd6 49. Kf3 e6 50. Rg6 Ke5 51. Rg4 Kd4 52. Rg6 Rd2 53.
Rg4 e5 54. Rg6 Kd3 55. Rg4 Kc2 56. Ke3 Kd1 57. Rg8 Ke1 58. Rg7 Ra2 59. Kf3 Kf1
60. Rc7 Ra3+ 61. Kg4 g1=Q+ 62. Kf5 Qg5+ 0-1

[Event "C.to Provinciale BI-VC"]
[Site "Santhia' ITA"]
[Date "2011.03.25"]
[Round "4"]
[White "Zannoni, Gianni"]
[Black "Saviano, Sabato"]
[Result "1-0"]
[WhiteElo "1815"]
[BlackElo "1683"]
[PlyCount "137"]
[EventDate "2011.03.04"]

1. e4 c6 2. d4 d5 3. Nc3 dxe4 4. Nxe4 Bf5 5. Ng3 Bg6 6. Nf3 h6 7. h4 Nf6 8. h5
Bh7 9. Bd3 Bxd3 10. Qxd3 e6 11. Bd2 Nbd7 12. O-O-O Qc7 13. Kb1 O-O-O 14. Qe2
Bd6 15. Ne4 Nxe4 16. Qxe4 Nf6 17. Qe2 Qb6 18. Ne5 Bxe5 19. dxe5 Nd5 20. Rh3 Qc7
21. Rg3 Rhg8 22. Qe4 Ne7 23. f4 Qb6 24. c3 Qf2 25. Qe3 Qxe3 26. Rxe3 Nf5 27.
Rh3 Rd7 28. g4 Ne7 29. Kc2 Rgd8 30. Rhh1 Nd5 31. c4 Nb6 32. b3 Rd3 33. Bb4 Rg3
34. Rhg1 Rxg1 35. Rxg1 Nd7 36. Bd6 b5 37. g5 hxg5 38. Rxg5 Rg8 39. h6 g6 40.
Rg3 Rh8 41. Rh3 Rh7 42. Be7 Nb6 43. Kc3 Nd7 44. Bg5 Nc5 45. Kb4 Na6+ 46. Ka5
Nc7 47. Rd3 bxc4 48. bxc4 Na8 49. Rd8+ Kb7 50. Rg8 Nb6 51. Kb4 a5+ 52. Kxa5
Nxc4+ 53. Kb4 Ne3 54. Rg7 Rh8 55. Rxf7+ Kb6 56. h7 c5+ 57. Kc3 Nd5+ 58. Kc4 Ra8
59. Kb3 Kb5 60. a4+ Kc6 61. Rg7 Rb8+ 62. Kc2 Ne3+ 63. Kc1 c4 64. Rg8 Rb3 65.
h8=Q Rc3+ 66. Kd2 Rd3+ 67. Ke2 Rc3 68. Rc8+ Kd5 69. Qh1+ 1-0

[Event "C.to Provinciale BI-VC"]
[Site "Santhia' ITA"]
[Date "2011.04.08"]
[Round "5"]
[White "Avetta, Gianmario"]
[Black "Scarrone, Alberto"]
[Result "1-0"]
[WhiteElo "1733"]
[BlackElo "1811"]
[PlyCount "77"]
[EventDate "2011.03.04"]

1. d4 Nf6 2. c4 c5 3. d5 b5 4. b3 b4 5. Bb2 d6 6. Nd2 Nbd7 7. Ngf3 g6 8. e4 Bg7
9. Qc2 O-O 10. Bd3 a5 11. O-O a4 12. Rae1 axb3 13. axb3 Ng4 14. Ra1 Rxa1 15.
Rxa1 Nge5 16. Be2 Bb7 17. Nxe5 Nxe5 18. f4 Nd7 19. Bxg7 Kxg7 20. Ra7 Qb6 21.
Qa2 f5 22. exf5 Nb8 23. Qa5 Qxa5 24. Rxa5 gxf5 25. Ra7 Bc8 26. Rxe7+ Rf7 27.
Re8 Rf8 28. Re3 Bd7 29. Nf3 h6 30. Kf2 Kf6 31. Nh4 Na6 32. Rg3 Be8 33. Bd3 Nc7
34. Nxf5 Bg6 35. Nxd6 Bxd3 36. Rxd3 Ra8 37. Kf3 Ra2 38. Ne4+ Kf5 39. Nxc5 1-0

[Event "C.to Provinciale BI-VC"]
[Site "Santhia' ITA"]
[Date "2011.04.08"]
[Round "5"]
[White "Bardone, Lorenzo"]
[Black "Zannoni, Gianni"]
[Result "1/2-1/2"]
[WhiteElo "1789"]
[BlackElo "1815"]
[PlyCount "67"]
[EventDate "2011.03.04"]

1. e4 d6 2. d4 Nf6 3. Nc3 c6 4. g3 e5 5. dxe5 dxe5 6. Qxd8+ Kxd8 7. Bg5 Be7 8.
O-O-O+ Kc7 9. h3 Nbd7 10. Nge2 h6 11. Be3 Bc5 12. Bxc5 Nxc5 13. Bg2 Re8 14. b4
Ne6 15. a4 Bd7 16. Rd2 Rad8 17. Rhd1 Bc8 18. f4 Rxd2 19. Rxd2 Rd8 20. a5 Rxd2
21. Kxd2 Kd6 22. Kd3 b6 23. axb6 axb6 24. Ke3 Bd7 25. Na4 b5 26. Nb2 c5 27. f5
Nc7 28. bxc5+ Kxc5 29. Nd3+ Kd6 30. Nc3 Na6 31. Bf1 Bc6 32. Nf2 Nc7 33. Na2 Na6
34. Nc3 1/2-1/2

[Event "C.to Provinciale BI-VC"]
[Site "Santhia' ITA"]
[Date "2011.04.08"]
[Round "5"]
[White "Costantino, Gian Franco"]
[Black "Redamante, Marzio"]
[Result "1-0"]
[WhiteElo "1741"]
[BlackElo "1497"]
[PlyCount "123"]
[EventDate "2011.03.04"]

1. e4 c6 2. Nf3 d5 3. exd5 cxd5 4. d4 Nf6 5. h3 a6 6. a4 h6 7. Bd3 Nc6 8. c3
Ne4 9. O-O Bf5 10. Re1 Bh7 11. Qe2 e6 12. Nbd2 Nxd2 13. Bxd2 Bxd3 14. Qxd3 Bd6
15. Re2 O-O 16. Rae1 Qf6 17. Ne5 Bxe5 18. dxe5 Qh4 19. Re3 Qxa4 20. Rg3 Qh4 21.
Qf3 f5 22. Rg6 Kf7 23. Rg4 Qe7 24. Ra4 Ke8 25. b4 Kd7 26. Qd3 Qh4 27. Qc2 Qc4
28. f4 Rg8 29. Be3 d4 30. Rd1 Ke7 31. Bxd4 Nxd4 32. Rxd4 Qc6 33. Rd6 Qc4 34.
Qd2 Rgd8 35. Ra5 Rac8 36. Rc5 Rxc5 37. Rxd8 Rd5 38. Rxd5 exd5 39. Kf2 Ke6 40.
Qd4 Qxd4+ 41. cxd4 b6 42. Ke3 g5 43. g3 a5 44. bxa5 bxa5 45. Kd3 Kd7 46. Kc3
Kc6 47. Kb3 Kb5 48. h4 gxf4 49. gxf4 Kc6 50. Ka4 Kb6 51. h5 Kb7 52. Kxa5 Kc6
53. Ka6 Kd7 54. Kb6 Ke7 55. Kc5 Ke6 56. Kc6 Ke7 57. Kxd5 Kd7 58. e6+ Ke7 59.
Ke5 Kf8 60. Kf6 Ke8 61. e7 Kd7 62. Kf7 1-0

[Event "C.to Provinciale BI-VC"]
[Site "Santhia' ITA"]
[Date "2011.04.08"]
[Round "5"]
[White "Giordanetti, Giuseppe"]
[Black "Isoardi, Luigi"]
[Result "1-0"]
[WhiteElo "1544"]
[BlackElo "1762"]
[PlyCount "131"]
[EventDate "2011.03.04"]

1. Nf3 d5 2. g3 Nf6 3. Bg2 Bf5 4. d3 h6 5. O-O e6 6. Nbd2 Bd6 7. b3 O-O 8. Bb2
Nbd7 9. c4 c6 10. Re1 Qb6 11. e4 Bh7 12. e5 Ng4 13. Qe2 Bb4 14. h3 Bxd3 15.
Qxd3 Nxf2 16. Qe3 Bc5 17. Bd4 Bxd4 18. Nxd4 Ne4 19. Nxe4 dxe4 20. Bxe4 Nxe5 21.
Bh7+ Kxh7 22. Qxe5 f6 23. Qe3 e5 24. Ne6 Qxe3+ 25. Rxe3 Rf7 26. Rd1 b6 27. Red3
Re8 28. Rd6 Rfe7 29. Nd8 c5 30. Rd7 e4 31. Rxe7 Rxe7 32. Nc6 Rc7 33. Rd6 Kg6
34. Nd8 Re7 35. Ne6 Kf5 36. Nf4 Kg5 37. Nd5 Rf7 38. Ne3 h5 39. h4+ Kh6 40. Rd5
g6 41. Kg2 f5 42. Rd6 f4 43. gxf4 Rxf4 44. Re6 Kg7 45. Re7+ Kh6 46. Re6 Kg7 47.
Re7+ Kf8 48. Rxa7 Rf3 49. Nd5 Rd3 50. Kf2 Rh3 51. Nxb6 Rxh4 52. Nd7+ Ke7 53.
Nxc5+ Kd6 54. Ra5 Ke5 55. Nd7+ Kd4 56. Rd5+ Kc3 57. Ke3 Kb2 58. c5 Kxa2 59. b4
Rh3+ 60. Kxe4 Rh4+ 61. Ke5 Rxb4 62. c6 h4 63. c7 h3 64. c8=Q h2 65. Qa6+ Kb3
66. Nc5+ 1-0

[Event "C.to Provinciale BI-VC"]
[Site "Santhia' ITA"]
[Date "2011.04.08"]
[Round "5"]
[White "Lavino, Stefano"]
[Black "Saviano, Sabato"]
[Result "1/2-1/2"]
[WhiteElo "1715"]
[BlackElo "1683"]
[PlyCount "70"]
[EventDate "2011.03.04"]

1. d4 d5 2. Nf3 Nf6 3. Bf4 e6 4. e3 Bb4+ 5. c3 Bd6 6. Bg5 h6 7. Bh4 c5 8. Bd3
cxd4 9. exd4 O-O 10. O-O Nbd7 11. Nbd2 Qc7 12. h3 Nh7 13. Qc2 f5 14. Rfe1 Ndf6
15. Bxf6 Nxf6 16. Ne5 Ne4 17. Ndf3 Bd7 18. Rac1 Be8 19. c4 Bxe5 20. Nxe5 Bc6
21. cxd5 exd5 22. Nxc6 bxc6 23. Qxc6 Qf7 24. f3 Rac8 25. Qxc8 Rxc8 26. Rxc8+
Kh7 27. fxe4 fxe4 28. Bb1 Qf4 29. Rc2 h5 30. Rce2 Kh6 31. Bxe4 dxe4 32. Rxe4
Qd2 33. R1e2 Qd1+ 34. Kf2 g6 35. g4 h4 1/2-1/2

[Event "C.to Provinciale BI-VC"]
[Site "Santhia' ITA"]
[Date "2011.04.08"]
[Round "5"]
[White "Migliorini, Matteo"]
[Black "Siclari, Giovanni"]
[Result "1-0"]
[WhiteElo "1855"]
[BlackElo "1902"]
[PlyCount "77"]
[EventDate "2011.03.04"]

1. e4 c5 2. Nf3 e6 3. d4 cxd4 4. Nxd4 Nc6 5. Nb5 d6 6. Bf4 e5 7. Be3 a6 8. N5c3
Nf6 9. Bg5 Be7 10. Bxf6 Bxf6 11. Nd2 Be6 12. Nc4 O-O 13. Qxd6 Be7 14. Qxd8
Rfxd8 15. Bd3 Nb4 16. O-O-O Nxd3+ 17. cxd3 f6 18. Ne3 Rac8 19. Kb1 Bc5 20. Ncd5
Kf7 21. Rd2 f5 22. Rc2 f4 23. Nc4 Bd4 24. Rhc1 Bxd5 25. exd5 Ke7 26. Re1 Kf6
27. d6 b5 28. Nd2 Rxc2 29. Kxc2 Ke6 30. Ne4 Rc8+ 31. Kb1 h6 32. f3 Be3 33. b4
Kd5 34. Re2 Rc1+ 35. Kb2 Ke6 36. Rxe3 fxe3 37. Kxc1 e2 38. Kd2 e1=Q+ 39. Kxe1
1-0

[Event "C.to Provinciale BI-VC"]
[Site "Santhia' ITA"]
[Date "2011.04.08"]
[Round "5"]
[White "Posadinu, Mauro"]
[Black "Bozio, Stefano"]
[Result "0-1"]
[WhiteElo "1413"]
[BlackElo "1458"]
[PlyCount "101"]
[EventDate "2011.03.04"]

1. d4 Nf6 2. Nf3 g6 3. c4 Bg7 4. Nc3 O-O 5. e4 d6 6. h3 Nbd7 7. Bd3 Re8 8. O-O
e5 9. d5 Nc5 10. Bc2 c6 11. Bg5 h6 12. Be3 Qa5 13. a3 Ncd7 14. Qd2 cxd5 15.
cxd5 h5 16. b4 Qc7 17. Rac1 a6 18. Bb1 Qd8 19. Bg5 b5 20. a4 bxa4 21. Nxa4 Nb6
22. Nb2 Bd7 23. Bd3 Na4 24. Nc4 Qb8 25. Na5 Bb5 26. Bxf6 Bxd3 27. Qxd3 Bxf6 28.
Qa3 Qb5 29. Nc6 Nb6 30. Qa2 Rec8 31. Rc3 Rc7 32. Rfc1 Rcc8 33. Qd2 Kh7 34. Ng5+
Kg7 35. f4 exf4 36. Qxf4 Bxc3 37. Qxf7+ Kh6 38. Rxc3 Rf8 39. Qh7+ Kxg5 40. Rg3+
Kh4 41. Qxg6 Qf1+ 42. Kh2 Qf4 43. Nd4 Qe5 44. Nf3+ Rxf3 45. gxf3 Rc8 46. Qg5+
Qxg5 47. Rxg5 Kxg5 48. Kg3 Rc4 49. h4+ Kf6 50. Kf4 Nxd5+ 51. Kg3 0-1

[Event "C.to Provinciale BI-VC"]
[Site "Santhia' ITA"]
[Date "2011.04.08"]
[Round "5"]
[White "Squara, Marco"]
[Black "Tibaldeschi, Attilio"]
[Result "1-0"]
[WhiteElo "1810"]
[BlackElo "1726"]
[PlyCount "111"]
[EventDate "2011.03.04"]

1. d4 d5 2. c4 e6 3. Nc3 Nf6 4. Bg5 Be7 5. Nf3 c6 6. e3 Nbd7 7. Bd3 dxc4 8.
Bxc4 h6 9. Bh4 Nd5 10. Bxe7 Qxe7 11. Be2 O-O 12. O-O b5 13. Rc1 Bb7 14. Ne4
Rac8 15. Nc5 Ba8 16. Qd2 N5f6 17. Nxd7 Nxd7 18. b4 a6 19. Qb2 Rfe8 20. Rc2 Nf6
21. Rfc1 Nd5 22. a3 f6 23. Nd2 Qd8 24. Nb3 f5 25. Nc5 a5 26. bxa5 Qxa5 27. Nd3
g5 28. h3 Qc7 29. Ne5 Qd6 30. Qb3 Rc7 31. Rc5 Kg7 32. Qd1 Rf8 33. Bd3 b4 34.
axb4 Nxb4 35. Bb1 Nd5 36. Qh5 Rf6 37. Qe8 Ra7 38. R1c2 Ra3 39. Rb2 Nc7 40. Qh5
Nb5 41. Rbc2 Ra6 42. Rc1 Ra1 43. Bd3 Rxc1+ 44. Rxc1 Nxd4 45. exd4 Qxd4 46. Qe2
c5 47. Rb1 Qd5 48. f3 Qd4+ 49. Kf1 Bd5 50. Re1 Rf8 51. Qc2 h5 52. Qb1 c4 53.
Qb4 Rc8 54. Qe7+ Kh8 55. Qf6+ Kh7 56. Qg6+ 1-0

[Event "C.to Provinciale BI-VC"]
[Site "Santhia' ITA"]
[Date "2011.04.15"]
[Round "6"]
[White "Bozio, Stefano"]
[Black "Lavino, Stefano"]
[Result "1/2-1/2"]
[WhiteElo "1458"]
[BlackElo "1715"]
[PlyCount "45"]
[EventDate "2011.03.04"]

1. e4 c6 2. d4 d5 3. e5 Bf5 4. Nf3 e6 5. g3 c5 6. c3 Nc6 7. Be3 Qc7 8. Bb5 a6
9. Bxc6+ bxc6 10. Nbd2 c4 11. b3 cxb3 12. Qxb3 Rb8 13. Qa4 Qb7 14. O-O Nh6 15.
Bxh6 gxh6 16. c4 Be7 17. cxd5 exd5 18. Rfc1 Bd7 19. Rab1 Qa7 20. Rxb8+ Qxb8 21.
Qxa6 O-O 22. Qd3 Qa7 23. Qe3 1/2-1/2